Detalles MARC
| 000 -LEADER |
| fixed length control field |
01646cam a2200277 a 4500 |
| 003 - CONTROL NUMBER IDENTIFIER |
| control field |
OSt |
| 005 - DATE AND TIME OF LATEST TRANSACTION |
| control field |
20201014143457.0 |
| 008 - FIXED-LENGTH DATA ELEMENTS--GENERAL INFORMATION |
| fixed length control field |
030722s1998 ve ad r 000 0 spa d |
| 020 ## - INTERNATIONAL STANDARD BOOK NUMBER |
| International Standard Book Number |
9803171259 |
| 040 ## - CATALOGING SOURCE |
| Original cataloging agency |
PIF |
| Transcribing agency |
CO-JMCCR |
| Modifying agency |
OCLCQ |
| -- |
CO-BoPUJ |
| 041 1# - LANGUAGE CODE |
| Language code of text/sound track or separate title |
spa |
| Language code of original |
ger |
| 082 04 - DEWEY DECIMAL CLASSIFICATION NUMBER |
| Classification number |
338.9 / |
| Item number |
F981e |
| Edition number |
23 |
| 110 2# - MAIN ENTRY--CORPORATE NAME |
| Corporate name or jurisdiction name as entry element |
Fundación Friedrich Ebert |
| 9 (RLIN) |
11521 |
| 245 10 - TITLE STATEMENT |
| Title |
Economía social de mercado : |
| Remainder of title |
su dimensión social / |
| Statement of responsibility, etc. |
Fundación Friedrich Ebert ; edición Helena González |
| 250 ## - EDITION STATEMENT |
| Edition statement |
Primera edición |
| 260 ## - PUBLICATION, DISTRIBUTION, ETC. |
| Place of publication, distribution, etc. |
Caracas : |
| Name of publisher, distributor, etc. |
Nueva Sociedad, |
| Date of publication, distribution, etc. |
1998. |
| 300 ## - PHYSICAL DESCRIPTION |
| Extent |
398 páginas : |
| Other physical details |
ilustraciones, gráficas y tablas a blanco y negro ; |
| Dimensions |
23 cm. |
| 490 0# - SERIES STATEMENT |
| Series statement |
Nueva sociedad |
| 504 ## - BIBLIOGRAPHY, ETC. NOTE |
| Bibliography, etc. note |
Incluye referencias bibliográficas : páginas 397. |
| 505 0# - FORMATTED CONTENTS NOTE |
| Title |
política de competencia. / |
| Statement of responsibility |
Peter Oesterdiekhoff -- |
| Title |
Política coyuntural y de crecimiento. / |
| Statement of responsibility |
Heiner Brockman -- |
| Title |
Política monetaria y crediticia / |
| Statement of responsibility |
horst Keppler -- |
| Title |
Política fiscal y presupuestaria / |
| Statement of responsibility |
Raul Shams -- |
| Title |
Política de comercio exterior / |
| Statement of responsibility |
Sterfan Öfner-Py -- |
| Title |
Política de mercado laboral / |
| Statement of responsibility |
Michael Von hauff / |
| -- |
Beate Kruse -- |
| Title |
Política de infraestructura / |
| Statement of responsibility |
Moritz Kraemer -- |
| Title |
Política de negociación colectiva / |
| Statement of responsibility |
Michael Von Hauff / |
| -- |
Beate Kruse --<br/> |
| Title |
Política agraria / |
| Statement of responsibility |
Ulrich Golaczinski -- |
| Title |
Ordenamiento territorial y urbanismo / |
| Statement of responsibility |
Ulrich Golaczinski -- |
| Title |
Política industrial / |
| Statement of responsibility |
Jörg Meyer-Stamer. |
| 650 24 - SUBJECT ADDED ENTRY--TOPICAL TERM |
| Topical term or geographic name entry element |
Política económica |
| Form subdivision |
Ensayos |
| 9 (RLIN) |
11522 |
| 650 24 - SUBJECT ADDED ENTRY--TOPICAL TERM |
| Topical term or geographic name entry element |
Desarrollo económico |
| Form subdivision |
Ensayos |
| 9 (RLIN) |
11523 |
| 650 24 - SUBJECT ADDED ENTRY--TOPICAL TERM |
| Topical term or geographic name entry element |
Economía de mercado |
| Form subdivision |
Ensayos |
| 9 (RLIN) |
11524 |
| 700 1# - ADDED ENTRY--PERSONAL NAME |
| Personal name |
González, Helena, |
| Relator term |
editora |
| 9 (RLIN) |
11525 |
| 942 ## - ADDED ENTRY ELEMENTS (KOHA) |
| Source of classification or shelving scheme |
Dewey Decimal Classification |
| Koha item type |
Books |